000
00219nam a2200097Ia 4500
008
240331s9999 xx 000 0 und d
082
_b
SOM
100
_a
Somu,M
245
0
_a
Ilangai nattu tenaliraman kathaigal
942
_c
L
999
_c
3652
_d
3652